Statistics for Major Branches of Psychology

Click here to take the quiz!

General Stats

  • This quiz has been taken 146 times
  • The average score is 6 of 18

Answer Stats

% Correct
Social Psychology
72%
Cognitive Psychology
71%
Clinical Psychology
54%
Developmental Psychology
51%
Behavioural Psychology
50%
Biopsychology
43%
Forensic/Criminal Psychology
42%
Industrial-Organizational Psychology
34%
Abnormal Psychology
32%
Educational Psychology
27%
Counselling Psychology
22%
Personality Psychology
22%
Experimental Psychology
19%
Comparative Evolutionary Psychology
18%
Sports Psychology
18%
Health Psychology
17%
Cross-Cultural Psychology
16%
School Psychology
15%

Score Distribution

Percentile by Number Answered

Percent of People with Each Score

Your Score History

You have not taken this quiz